Catálogo público

Consumo de mataeria seca y energía por vacas lecheras pastoreando pastizal nativo en Marcos Castellanos, Michoacán / (Record no. 169001)

MARC details
000 -CABECERA
campo de control de longitud fija 00794nam a2200253Ia 4500
001 - NÚMERO DE CONTROL
campo de control Z_5802
003 - IDENTIFICADOR DEL NÚMERO DE CONTROL
campo de control CHAP
008 - DATOS DE LONGITUD FIJA--INFORMACIÓN GENERAL
campo de control de longitud fija 220113s2009 xx 000 0 und d
010 ## - NÚMERO DE CONTROL DE LA BIBLIOTECA DEL CONGRESO
Número de control de LC 169001
040 ## - FUENTE DE LA CATALOGACIÓN
Centro/agencia transcriptor CHAP
090 ## - LOCALMENTE ASIGNADO TIPO-LC NÚMERO DE CLASIFICACIÓN (OCLC); NÚMERO DE CLASIFICACIÓN LOCAL (RLIN)
Número de clasificación (OCLC) (R) ; Numero de clasificación, CALL (RLIN) (NR) Tesis C 2129
100 ## - ENTRADA PRINCIPAL--NOMBRE DE PERSONA
Nombre de persona Ciriaco Mariano, Ramón Andrés
9 (RLIN) 23390
245 ## - MENCIÓN DE TÍTULO
Título Consumo de mataeria seca y energía por vacas lecheras pastoreando pastizal nativo en Marcos Castellanos, Michoacán /
Mención de responsabilidad, etc. Ramón Andrés Ciriaco Mariano y Humberto Gómez Grande
260 ## - PUBLICACIÓN, DISTRIBUCIÓN, ETC.
Lugar de publicación, distribución, etc. Chapingo, Méx. :
Nombre del editor, distribuidor, etc. El autor,
Fecha de publicación, distribución, etc. 2009
300 ## - DESCRIPCIÓN FÍSICA
Extensión 41
502 ## - NOTA DE TESIS
Nota de tesis Tesis (Ing. Agr. Esp. en Zootecnia) -- UACH. Departamento de Zootecnia
700 ## - PUNTO DE ACCESO ADICIONAL--NOMBRE DE PERSONA
Nombre de persona Gómez Grande, Humberto
9 (RLIN) 143336
901 ## - ELEMENTOS DE DATOS A LOCAL LDA (RLIN)
a TESIS C 2129
902 ## - ELEMENTOS DE DATOS B LOCAL, LDB (RLIN)
a A
910 ## - DATOS DE OPCIÓN DEL USUARIO (OCLC)
Datos de opción del usuario 2009
942 ## - ELEMENTOS DE PUNTO DE ACCESO ADICIONAL (KOHA)
Tipo de ítem Koha Tesis_
942 ## - ELEMENTOS DE PUNTO DE ACCESO ADICIONAL (KOHA)
Tipo de ítem Koha Tesis_
Holdings
Estado de retiro Estado de pérdida Estado dañado No para préstamo Localización permanente Ubicación/localización actual Ubicación en estantería Fecha de adquisición Información codificada de la localización en otra ubicación Total de préstamos Código de barras Fecha visto por última vez Número de copia Precio válido a partir de Tipo de ítem Koha Nota pública
        Zootecnia Zootecnia   03/09/2009 2   z_T 3683 18/01/2022 1 18/01/2022 Tesis_ 2
        Zootecnia Zootecnia   03/09/2009 2   z_T 3684 18/01/2022 2 18/01/2022 Tesis_ 3